Titul je dostupný aj v ... 

MARC
| LEADER | 00000nam a2200000 a 4500 | ||
|---|---|---|---|
| 001 | 000171832 | ||
| 005 | 20091014192530.0 | ||
| 008 | 020107s1975 xr cze d | ||
| 020 | |a (viaz.) | ||
| 040 | |a SVKKK |b slo |c SVKKK |e AACR2 | ||
| 041 | 1 | |a cze |h rus | |
| 044 | |a xr |c CZ | ||
| 245 | 0 | 0 | |a Vladimir Iljič Lenin : |b životopis / |c Petr Nikolajevič Pospelov ... [et al.]. |
| 250 | |a 2. vyd. | ||
| 260 | |a Praha : |b Svoboda, |c 1975. | ||
| 300 | |a 731 s. | ||
| 700 | 1 | |a Pospelov, Petr Nikolajevič |d 1898-1979 |4 aut | |
| 910 | |a svkkk | ||
| 998 | |a BK | ||
| 090 | |g SCKHL |k Sklad Pribinova 2. posch. |a II.216709 |j 528333 |i 171832-10 |s Absenčne | ||